000 00279nam a2200121Ia 4500
005 20251222143155.0
008 251222s9999||||xx |||||||||||||| ||spa||
082 _a200/P87
245 0 _aFray Martin de la Caridad:
250 _a1ra.ed.
264 _bEusoniua, S.A.
942 _cLIB
999 _c12832
_d12832